| 000 | 00570nam a22001937a 4500 | ||
|---|---|---|---|
| 003 | OSt | ||
| 005 | 20251015153149.0 | ||
| 008 | 160307b xxu||||| |||| 00| 0 eng d | ||
| 020 | _a033368348 | ||
| 040 | _cDDC. | ||
| 082 | _a338 BRI 1998. | ||
| 100 |
_aBridge, Simon; O'Neill; Crome, Stan _97169 |
||
| 245 | _aUnderstanding Enterprise, Entrepreneurship & Small Business. | ||
| 260 |
_aLondon; _bMacmillan Press, _c1998 |
||
| 300 |
_axi,301p; _bill; _c22cm. |
||
| 504 | _aincludes notes ,index and references. | ||
| 650 |
_aEntreprenuership. _92806 |
||
| 942 |
_2ddc _cSLOAN |
||
| 999 |
_c3198 _d3198 |
||